000 00657nas a2200229 4500
001 BR0807151
003 BR-BrBNA
005 20231205112210.0
007 ta
008 230509b bl.|||p| |||| 00| 00por d
040 _aBR-BrBNA
_bpor
_cBiblioteca Nacional de Agricultura
041 _a(Pt)
072 _aH20
100 1 _aSantos, J.M. dos
245 1 _aDoenças causadas por nematóides
650 _aDOENÇA DE PLANTA
650 _aVERME
650 _aMENATOIDE
773 0 _tFitopatologia Brasileira (Brazil)
_xISSN 0100-4158
_g(Aug 2000), v. 25(suppl) p. 311-317
_wBR0807151
909 _a202311
_bLúcia
_c55
_dLúcia Elande
942 _2AGRIS
_n0
_cANA
999 _c196670
_d196670